LEADER 00807nam0-2200313---450- 001 990009977150403321 005 20150616152404.0 010 $a978-88-581-1889-4 035 $a000997715 035 $aFED01000997715 035 $a(Aleph)000997715FED01 035 $a000997715 100 $a20150616d2015----km-y0itay50------ba 101 0 $aita 102 $aIT 105 $a--------001yy 200 1 $aVeneto anno zero$fRenzo Mazzarro 210 $aRoma ; Bari$claterza$d2015 215 $a272 pp.$d20 cm 225 1 $a<>robinson$iletture 610 0 $aCorruzione$aVeneto 676 $a364.1323$v22$zita 700 1$aMazzarro,$bRenzo 801 0$aIT$bUNINA$gRICA$2UNIMARC 901 $aBK 912 $a990009977150403321 952 $a364.1323 MAZ 1$b1730$fBFS 959 $aBFS 997 $aUNINA LEADER 01183nam 22003133 450 001 9910130496803321 005 20160621165006.0 010 $a88-8101-522-6 035 $a(CKB)3400000000020327 035 $a(ItFiC)it 10828907 035 $a(EXLCZ)993400000000020327 100 $a20110314d2008 uy 0 101 0 $aita 200 10$aErmeneutica trascendentale e fondazione ultima di filosofia e scienza$b[electronic resource] $eintroduzione al pensiero di Karl-Otto Apel /$fMichele Borrelli 210 $aCosenza $cL. Pellegrini$d[2008] 215 $a135 p 225 0$aMetodologia delle scienze sociali ;$v16 300 $aK.-O. Apel (1922-) - M. Borrelli, professor at the Universita? della Calabria. 320 $aIncludes bibliographical references. 327 $uhttp://www.ilibri.casalini.it/toc/10828907.pdf$3TOC 517 $aErmeneutica trascendentale e fondazione ultima di filosofia e scienza 676 $a121 700 $aBorrelli$b Michele$0174878 801 0$bItFiC 801 1$bItFiC 906 $aBOOK 912 $a9910130496803321 996 $aErmeneutica trascendentale e fondazione ultima di filosofia e scienza$92427034 997 $aUNINA